<?xml version="1.0" encoding="UTF-8"?>
<record
    xmlns:xsi="http://www.w3.org/2001/XMLSchema-instance"
    xsi:schemaLocation="http://www.loc.gov/MARC21/slim http://www.loc.gov/standards/marcxml/schema/MARC21slim.xsd"
    xmlns="http://www.loc.gov/MARC21/slim">

  <leader>01000nam a22001817a 4500</leader>
  <controlfield tag="005">20230516120039.0</controlfield>
  <controlfield tag="008">130703t        mx ||||| |||| 00| 0 spa d</controlfield>
  <datafield tag="050" ind1="0" ind2="4">
    <subfield code="a">TA147 </subfield>
    <subfield code="b">C66 1970</subfield>
  </datafield>
  <datafield tag="110" ind1="2" ind2=" ">
    <subfield code="a">Comisi&#xF3;n Federal de Electricidad (M&#xE9;xico).</subfield>
    <subfield code="b">Instituto de Investigaciones de la Industria El&#xE9;ctrica</subfield>
  </datafield>
  <datafield tag="245" ind1="0" ind2="0">
    <subfield code="a">Manual de Dise&#xF1;o de Obras Civiles</subfield>
    <subfield code="c"> / Comisi&#xF3;n Federal de Electricidad, Instituto de Investigaciones de la Industria El&#xE9;ctrica</subfield>
  </datafield>
  <datafield tag="250" ind1=" " ind2=" ">
    <subfield code="a">1a ed.</subfield>
  </datafield>
  <datafield tag="260" ind1=" " ind2=" ">
    <subfield code="a">M&#xE9;xico : </subfield>
    <subfield code="b">Comisi&#xF3;n Federal de Electricidad ,</subfield>
    <subfield code="c">1970</subfield>
  </datafield>
  <datafield tag="300" ind1=" " ind2=" ">
    <subfield code="a">v. :</subfield>
    <subfield code="b">il. ;</subfield>
    <subfield code="c">23 cm.</subfield>
  </datafield>
  <datafield tag="504" ind1=" " ind2=" ">
    <subfield code="a">Incluye bibliograf&#xED;a</subfield>
  </datafield>
  <datafield tag="505" ind1=" " ind2=" ">
    <subfield code="t">Secci&#xF3;n A. Datos Hidrol&#xF3;gicos y Geol&#xF3;gicos--</subfield>
    <subfield code="t">Secci&#xF3;n B. Solicitaciones --</subfield>
    <subfield code="t">Secci&#xF3;n C. Suelos y Rocas --</subfield>
    <subfield code="t">Secci&#xF3;n D. Tecnolog&#xED;a del Concreto --</subfield>
    <subfield code="t">Secci&#xF3;n F. An&#xE1;lisis Estructural --</subfield>
    <subfield code="t">Secci&#xF3;n G. Estructuras de  Tierra y Roca --</subfield>
    <subfield code="t">Secci&#xF3;n H. Concreto Reforzado --</subfield>
    <subfield code="t">Secci&#xF3;n I.  Estructuras de Acero --</subfield>
  </datafield>
  <datafield tag="650" ind1=" " ind2="7">
    <subfield code="2">lemb</subfield>
    <subfield code="a">Ingenier&#xED;a Civil</subfield>
    <subfield code="v">Manuales</subfield>
  </datafield>
  <datafield tag="942" ind1=" " ind2=" ">
    <subfield code="2">lcc</subfield>
    <subfield code="c">LIB</subfield>
  </datafield>
  <datafield tag="999" ind1=" " ind2=" ">
    <subfield code="c">38912</subfield>
    <subfield code="d">38912</subfield>
  </datafield>
  <datafield tag="952" ind1=" " ind2=" ">
    <subfield code="0"> | </subfield>
    <subfield code="1">0</subfield>
    <subfield code="2">lcc</subfield>
    <subfield code="4">0</subfield>
    <subfield code="7">0</subfield>
    <subfield code="a">UCIH</subfield>
    <subfield code="b">UCIH</subfield>
    <subfield code="c">CONSULTA</subfield>
    <subfield code="d">2013-07-03</subfield>
    <subfield code="f">1a ed.</subfield>
    <subfield code="h">S : A</subfield>
    <subfield code="k">IT</subfield>
    <subfield code="o">TA151 C66 1970</subfield>
    <subfield code="p">BCU000012551</subfield>
    <subfield code="r">2013-07-03 00:00:00</subfield>
    <subfield code="t">1</subfield>
    <subfield code="v">1.00</subfield>
    <subfield code="y">LIB</subfield>
  </datafield>
  <datafield tag="952" ind1=" " ind2=" ">
    <subfield code="0"> | </subfield>
    <subfield code="1">0</subfield>
    <subfield code="2">lcc</subfield>
    <subfield code="4">0</subfield>
    <subfield code="7">0</subfield>
    <subfield code="a">UCIH</subfield>
    <subfield code="b">UCIH</subfield>
    <subfield code="c">CONSULTA</subfield>
    <subfield code="d">2013-07-03</subfield>
    <subfield code="f">1a ed.</subfield>
    <subfield code="h">S : B</subfield>
    <subfield code="k">IT</subfield>
    <subfield code="o">TA151 C66 1970</subfield>
    <subfield code="p">BCU000012552</subfield>
    <subfield code="r">2015-01-16 00:00:00</subfield>
    <subfield code="t">1</subfield>
    <subfield code="v">1.00</subfield>
    <subfield code="y">LIB</subfield>
  </datafield>
  <datafield tag="952" ind1=" " ind2=" ">
    <subfield code="0"> | </subfield>
    <subfield code="1">0</subfield>
    <subfield code="2">lcc</subfield>
    <subfield code="4">0</subfield>
    <subfield code="7">0</subfield>
    <subfield code="a">UCIH</subfield>
    <subfield code="b">UCIH</subfield>
    <subfield code="c">CONSULTA</subfield>
    <subfield code="d">2013-07-03</subfield>
    <subfield code="f">1a ed.</subfield>
    <subfield code="h">S : C</subfield>
    <subfield code="k">IT</subfield>
    <subfield code="o">TA151 C66 1970</subfield>
    <subfield code="p">BCU000012553</subfield>
    <subfield code="r">2015-01-16 00:00:00</subfield>
    <subfield code="t">1</subfield>
    <subfield code="v">1.00</subfield>
    <subfield code="y">LIB</subfield>
  </datafield>
  <datafield tag="952" ind1=" " ind2=" ">
    <subfield code="0"> | </subfield>
    <subfield code="1">0</subfield>
    <subfield code="2">lcc</subfield>
    <subfield code="4">0</subfield>
    <subfield code="7">0</subfield>
    <subfield code="a">UCIH</subfield>
    <subfield code="b">UCIH</subfield>
    <subfield code="c">CONSULTA</subfield>
    <subfield code="d">2013-07-03</subfield>
    <subfield code="f">1a ed.</subfield>
    <subfield code="h">S : D</subfield>
    <subfield code="k">IT</subfield>
    <subfield code="o">TA151 C66 1970</subfield>
    <subfield code="p">BCU000012554</subfield>
    <subfield code="r">2013-07-03 00:00:00</subfield>
    <subfield code="t">1</subfield>
    <subfield code="v">1.00</subfield>
    <subfield code="y">LIB</subfield>
  </datafield>
  <datafield tag="952" ind1=" " ind2=" ">
    <subfield code="0"> | </subfield>
    <subfield code="1">0</subfield>
    <subfield code="2">lcc</subfield>
    <subfield code="4">0</subfield>
    <subfield code="7">0</subfield>
    <subfield code="a">UCIH</subfield>
    <subfield code="b">UCIH</subfield>
    <subfield code="c">CONSULTA</subfield>
    <subfield code="d">2013-07-03</subfield>
    <subfield code="f">1a ed.</subfield>
    <subfield code="h">S : F</subfield>
    <subfield code="k">IT</subfield>
    <subfield code="o">TA151 C66 1970</subfield>
    <subfield code="p">BCU000012555</subfield>
    <subfield code="r">2013-07-03 00:00:00</subfield>
    <subfield code="t">1</subfield>
    <subfield code="v">1.00</subfield>
    <subfield code="y">LIB</subfield>
  </datafield>
  <datafield tag="952" ind1=" " ind2=" ">
    <subfield code="0"> | </subfield>
    <subfield code="1">0</subfield>
    <subfield code="2">lcc</subfield>
    <subfield code="4">0</subfield>
    <subfield code="7">0</subfield>
    <subfield code="a">UCIH</subfield>
    <subfield code="b">UCIH</subfield>
    <subfield code="c">CONSULTA</subfield>
    <subfield code="d">2013-07-03</subfield>
    <subfield code="f">1a ed.</subfield>
    <subfield code="h">S : F</subfield>
    <subfield code="k">IT</subfield>
    <subfield code="o">TA151 C66 1970</subfield>
    <subfield code="p">BCU000012556</subfield>
    <subfield code="r">2013-07-03 00:00:00</subfield>
    <subfield code="t">2</subfield>
    <subfield code="v">1.00</subfield>
    <subfield code="y">LIB</subfield>
  </datafield>
  <datafield tag="952" ind1=" " ind2=" ">
    <subfield code="0"> | </subfield>
    <subfield code="1">0</subfield>
    <subfield code="2">lcc</subfield>
    <subfield code="4">0</subfield>
    <subfield code="7">0</subfield>
    <subfield code="a">UCIH</subfield>
    <subfield code="b">UCIH</subfield>
    <subfield code="c">CONSULTA</subfield>
    <subfield code="d">2013-07-08</subfield>
    <subfield code="f">1a ed.</subfield>
    <subfield code="h">S : G</subfield>
    <subfield code="k">IT</subfield>
    <subfield code="o">TA151 C66 1970</subfield>
    <subfield code="p">BCU000012557</subfield>
    <subfield code="r">2015-01-16 00:00:00</subfield>
    <subfield code="t">1</subfield>
    <subfield code="v">1.00</subfield>
    <subfield code="y">LIB</subfield>
  </datafield>
  <datafield tag="952" ind1=" " ind2=" ">
    <subfield code="0"> | </subfield>
    <subfield code="1">0</subfield>
    <subfield code="2">lcc</subfield>
    <subfield code="4">0</subfield>
    <subfield code="7">0</subfield>
    <subfield code="a">UCIH</subfield>
    <subfield code="b">UCIH</subfield>
    <subfield code="c">CONSULTA</subfield>
    <subfield code="d">2013-07-08</subfield>
    <subfield code="f">1a ed.</subfield>
    <subfield code="h">S : H</subfield>
    <subfield code="k">IT</subfield>
    <subfield code="o">TA151 C66 1970</subfield>
    <subfield code="p">BCU000012558</subfield>
    <subfield code="r">2015-01-16 00:00:00</subfield>
    <subfield code="t">1</subfield>
    <subfield code="v">1.00</subfield>
    <subfield code="y">LIB</subfield>
  </datafield>
  <datafield tag="952" ind1=" " ind2=" ">
    <subfield code="0"> | </subfield>
    <subfield code="1">0</subfield>
    <subfield code="2">lcc</subfield>
    <subfield code="4">0</subfield>
    <subfield code="7">0</subfield>
    <subfield code="a">UCIH</subfield>
    <subfield code="b">UCIH</subfield>
    <subfield code="c">CONSULTA</subfield>
    <subfield code="d">2013-07-08</subfield>
    <subfield code="f">1a ed.</subfield>
    <subfield code="h">S : I</subfield>
    <subfield code="k">IT</subfield>
    <subfield code="o">TA151 C66 1970</subfield>
    <subfield code="p">BCU000012559</subfield>
    <subfield code="r">2015-01-16 00:00:00</subfield>
    <subfield code="t">1</subfield>
    <subfield code="v">1.00</subfield>
    <subfield code="y">LIB</subfield>
  </datafield>
</record>
